Państwa Europy, i ich stolice - Statystyki

Ogólne statystyki
  • Ten quiz został rozwiązany 4 445 razy
  • Średni wynik to 36 z 48
Statystyki odpowiedzi
Państwo/Stolica Stolica/Państwo % Poprawnych
Francja Paryż
92%
Praga Czechy
91%
Madryt Hiszpania
91%
Wiedeń Austria
90%
Mińsk Białoruś
90%
Ateny Grecja
90%
Warszawa Polska
89%
Berlin Niemcy
87%
Amsterdam Holandia
86%
Rosja Moskwa
86%
Kijów Ukraina
85%
Andora Andora
84%
Belgia Bruksela
84%
Oslo Norwegia
84%
Londyn Wielka Brytania
84%
Rzym Włochy
84%
Wilno Litwa
83%
Helsinki Finlandia
82%
Luksemburg Luksemburg
81%
Lizbona Portugalia
81%
San Marino San Marino
81%
Watykan Watykan
81%
Dania Kopenhaga
79%
Monako Monako
79%
Chorwacja Zagrzeb
79%
Rejkjawik Islandia
78%
Sarajewo Bośnia i Hercegowina
77%
Irlandia Dublin
77%
Bułgaria Sofia
75%
Podgorica Czarnogóra
73%
Bratysława Słowacja
73%
Albania Tirana
71%
Bukareszt Rumunia
69%
Łotwa Ryga
69%
Węgry Budapeszt
68%
Szwecja Sztokholm
68%
Estonia Tallinn
67%
Lublana Słowenia
64%
Skopje Macedonia
62%
Szwajcaria Berno
60%
Liechtenstein Vaduz
58%
Malta Valletta
57%
Turcja Ankara
56%
Serbia Belgrad
52%
Mołdawia Kiszyniów
51%
Kosowo Prisztina
49%
Cypr Nikozja
48%
Kazachstan Nur-Sułtan
40%
Nie znaleziono quizów pasujących do podanych kryteriów
Rozkład punktacji
Procent ludzi z każdym wynikiem
Percentyl według liczby udzielonych odpowiedzi
Twoja historia wyników
Nie rozwiązałeś tego quizu